Brimfield rush : (Record no. 24915)

000 -LEADER
fixed length control field 01614cam a22003014a 4500
001 - CONTROL NUMBER
control field 14115409
005 - DATE AND TIME OF LATEST TRANSACTION
control field 20170130121802.0
008 - FIXED-LENGTH DATA ELEMENTS--GENERAL INFORMATION
fixed length control field 050921s2005 maua b 000 0deng
010 ## - LIBRARY OF CONGRESS CONTROL NUMBER
LC control number 2005027671
020 ## - INTERNATIONAL STANDARD BOOK NUMBER
International Standard Book Number 1933212047 (alk. paper)
040 ## - CATALOGING SOURCE
Original cataloging agency DLC
Transcribing agency DLC
Modifying agency DLC
043 ## - GEOGRAPHIC AREA CODE
Geographic area code n-use--
-- n-us-ma
050 00 - LIBRARY OF CONGRESS CALL NUMBER
Classification number NK1133.28
Item number .W97 2006
100 1# - MAIN ENTRY--PERSONAL NAME
Personal name Wyss, Bob.
245 10 - TITLE STATEMENT
Title Brimfield rush :
Remainder of title the thrill of collecting and the hunt for the big score /
Statement of responsibility, etc. Bob Wyss.
250 ## - EDITION STATEMENT
Edition statement 1st ed.
260 ## - PUBLICATION, DISTRIBUTION, ETC. (IMPRINT)
Place of publication, distribution, etc. Beverly, Mass. :
Name of publisher, distributor, etc. Commonwealth Editions,
Date of publication, distribution, etc. c2006
300 ## - PHYSICAL DESCRIPTION
Extent 291 p. :
Other physical details ill. ;
Dimensions 21 cm.
504 ## - BIBLIOGRAPHY, ETC. NOTE
Bibliography, etc Includes bibliographical references (p. 283-289).
650 #0 - SUBJECT ADDED ENTRY--TOPICAL TERM
Topical term or geographic name as entry element Antiques business
Geographic subdivision Northeastern States.
650 #0 - SUBJECT ADDED ENTRY--TOPICAL TERM
Topical term or geographic name as entry element Antique dealers
Geographic subdivision Northeastern States
General subdivision Anecdotes.
650 #0 - SUBJECT ADDED ENTRY--TOPICAL TERM
Topical term or geographic name as entry element Flea markets
Geographic subdivision Massachusetts
-- Brimfield (Town)
942 ## - ADDED ENTRY ELEMENTS (KOHA)
Source of classification or shelving scheme
Koha item type Hard Covered Materials
Classification part NK1133.28 .W97 2006
Holdings
Withdrawn status Lost status Source of classification or shelving scheme Damaged status Not for loan Home library Current library Shelving location Date acquired Source of acquisition Total Checkouts Full call number Barcode Date last seen Price effective from Koha item type
          MACHAKOS UNIVERSITY LIBRARY MACHAKOS UNIVERSITY LIBRARY Technical section 30/01/2017 Donation(BFA)   NK1133.28 .W97 2006 30751 26/07/2018 30/01/2017 Hard Covered Materials
© Machakos University Library, Along The Highway, Machakos Wote Rd, Machakos, Kenya P.O. Box 136 - 90100 Machakos - Kenya

Tel: ( +254 ) 723 805829 OR Fax : 044-20353 OR Email: library@mksu.ac.ke